Quizzes
Events
Quiz Creation
Community
Videos
Private Events
Remove Ads
Sign In
Join for FREE
Feedback
Dark Mode
Quiz Categories
Sports
Geography
Music
Movies
Television
Just For Fun
Miscellaneous
History
Literature
Language
Science
Gaming
Entertainment
Religion
Holiday
For Kids
Quiz Lab
Recent
Popular Today
Quiz Kudos Today
Editor Picks
Curator Picks
Quizzes by...
Day
Popularity
Type
Ratings
Length
Year
Community
Subscriptions
Recent Discussions
Orange Saloon
Badges
Playlists
Quests
Create
Leaderboards
Showdown
Live 5
Trivia Bingo
Activity
Puzzle Library
Sporcle Events
Private Events
Virtual Trivia
Globe League
Become a Host
Pub Owners
SporcleCon
Opinionation
Our Games
Videos
Blog
Mobile Apps
Partnerships
Remove Ads and Go Orange
Feedback
Sports
Athletes
MLB
NBA
NHL
NFL
Soccer
Sports Teams
WWE
NCAA
Football
Premier League
Basketball
Baseball
Hockey
Golf
Tennis
Cricket
Rugby
Auto Racing
Olympics
World Cup
Sports
Athletes
MLB
NBA
NHL
NFL
Soccer
Sports Teams
WWE
NCAA
Football
Premier League
Basketball
Baseball
Hockey
Golf
Tennis
Cricket
Rugby
Auto Racing
Olympics
World Cup
Random Quiz
Search Sporcle
×
Quiz Lab
Quiz Lab
Sports
NBA
Type in answers that appear in a list
Type in answers that appear in a list
Classic
Best Score? Go Orange.
NBA 2011/12 Season records? Stats
Can you name the NBA 2011/12 Season records??
By
StoGas
10m
130 Questions
116 Plays
116 Plays
116 Plays
Comments
Comments
Give Quiz Kudos
Give Quiz Kudos
-
- Ratings
hide this ad
Replay
Link that replays current quiz
Next Quiz
Link to next quiz in quiz playlist
You Got
0%
They Got
Avg Score
70%
Avg Friend Score
Upgrade to see
Score Distribution
Jump to the score distribution portion of the page
Score
0/130
Timer
10:00
0
Plays Today
Record
Player
% Correct
Free Throws Attempts
Lebron James
98.3%
Points
Dwight Howard
94.8%
Points
Kevin Durant
94.8%
Points
Kevin Durant
94.8%
Points
Kevin Durant
94.8%
Rebounds
Dwight Howard
94.8%
Rebounds
Dwight Howard
94.8%
Rebounds
Dwight Howard
94.8%
Rebounds
Dwight Howard
94.8%
Rebounds
Dwight Howard
94.8%
Rebounds
Dwight Howard
94.8%
Blocks
Dwight Howard
94.8%
Field Goals Scored
Kevin Durant
94.8%
Field Goal Attemped
Kevin Durant
94.8%
Field Goal Attemped
Kevin Durant
94.8%
Free Throws Attempts
Dwight Howard
94.8%
Free Throws Made
Dwight Howard
94.8%
Turnovers
Kevin Durant
94.8%
Assist
Steve Nash
94%
Assist
Steve Nash
94%
Assist
Steve Nash
94%
Assist
Steve Nash
94%
Points
Kobe Bryant
93.1%
Assist
Rajon Rondo
93.1%
Assist
Rajon Rondo
93.1%
Field Goals Scored
Kobe Bryant
93.1%
Field Goal Attemped
Kobe Bryant
93.1%
Field Goal Attemped
Kobe Bryant
93.1%
Field Goal Attemped
Kobe Bryant
93.1%
Turnovers
Kobe Bryant
93.1%
Points
Kevin Love
90.5%
Steals
Chris Paul
90.5%
Steals
Chris Paul
90.5%
Field Goals Scored
Carmelo Anthony
90.5%
Field Goals Scored
Kevin Love
90.5%
Field Goals Scored
Carmelo Anthony
90.5%
Field Goal Attemped
Carmelo Anthony
90.5%
Field Goal Attemped
Carmelo Anthony
90.5%
Field Goal Attemped
Kevin Love
90.5%
Field Goal Attemped
Carmelo Anthony
90.5%
Field Goal Attemped
Carmelo Anthony
90.5%
Free Throws Attempts
Kevin Love
90.5%
Free Throws Attempts
Chris Paul
90.5%
Free Throws Attempts
Kevin Love
90.5%
Record
Player
% Correct
Free Throws Made
Kevin Love
90.5%
Free Throws Made
Chris Paul
90.5%
Free Throws Made
Kevin Love
90.5%
Points
Deron Williams
88.8%
Points
Russell Westbrook
88.8%
Rebounds
Andrew Bynum
88.8%
Assist
Deron Williams
88.8%
Steals
Russell Westbrook
88.8%
Blocks
Serge Ibaka
88.8%
Blocks
Serge Ibaka
88.8%
Blocks
Serge Ibaka
88.8%
Blocks
Serge Ibaka
88.8%
Blocks
Serge Ibaka
88.8%
Field Goals Scored
Russell Westbrook
88.8%
Field Goals Scored
Deron Williams
88.8%
3-
pointers Scored
Deron Williams
88.8%
3-
pointers Attemped
Deron Williams
88.8%
Free Throws Attempts
Deron Williams
88.8%
Free Throws Made
Deron Williams
88.8%
Turnovers
Russell Westbrook
88.8%
Minutes Played
Dirk Nowitzki
86.2%
3-
pointers Attemped
J.R. Smith
82.8%
Points
Monta Ellis
78.4%
Steals
Monta Ellis
78.4%
Field Goals Scored
Monta Ellis
78.4%
Free Throws Made
Monta Ellis
78.4%
Turnovers
Monta Ellis
78.4%
Assist
Tony Parker
75%
Minutes Played
Joe Johnson
75%
Field Goals Scored
Tony Parker
75%
Free Throws Attempts
Paul Pierce
75%
Free Throws Attempts
Paul Pierce
75%
Free Throws Made
Paul Pierce
75%
Free Throws Made
Paul Pierce
75%
Rebounds
LaMarcus Aldridge
71.6%
Steals
Stephen Curry
69%
Rebounds
Al Jefferson
68.1%
Minutes Played
Al Jefferson
68.1%
Turnovers
John Wall
67.2%
3-
pointers Attemped
Brandon Jennings
65.5%
Blocks
Deandre Jordan
64.7%
Turnovers
Jeremy Lin
64.7%
Turnovers
Jeremy Lin
64.7%
Minutes Played
Jason Terry
63.8%
Record
Player
% Correct
Steals
Paul Millsap
59.5%
Points
Ben Gordon
56%
Steals
Demarcus Cousins
56%
3-
pointers Scored
Ben Gordon
56%
Turnovers
Ben Gordon
56%
Field Goals Scored
Brook Lopez
52.6%
Steals
Ty Lawson
50.9%
Turnovers
Jarrett Jack
50.9%
3-
pointers Attemped
Ryan Anderson
50%
3-
pointers Attemped
Ryan Anderson
50%
3-
pointers Attemped
Ryan Anderson
50%
Minutes Played
Devin Harris
49.1%
Minutes Played
Devin Harris
49.1%
Assist
Jose Calderon
47.4%
Turnovers
Baron Davis
45.7%
Free Throws Attempts
Danilo Gallinari
44.8%
Free Throws Made
Danilo Gallinari
44.8%
Assist
Kyle Lowry
44%
Steals
Gerald Wallace
44%
3-
pointers Scored
Kyle Lowry
44%
3-
pointers Scored
Nick Young
38.8%
Minutes Played
Jeff Teague
37.1%
3-
pointers Scored
Anthony Morrow
37.1%
3-
pointers Scored
Steve Novak
35.3%
Free Throws Attempts
Rodney Stuckey
35.3%
3-
pointers Scored
Jason Richardson
31.9%
Blocks
Brandan Wright
30.2%
Minutes Played
Gordon Hayward
30.2%
Minutes Played
Gordon Hayward
30.2%
3-
pointers Scored
Nicolas Batum
30.2%
3-
pointers Attemped
Nicolas Batum
30.2%
Rebounds
Ersan Ilyasova
27.6%
Blocks
Tyrus Thomas
27.6%
3-
pointers Scored
Wesley Matthews
26.7%
3-
pointers Attemped
Brandon Knight
23.3%
3-
pointers Scored
Randy Foye
21.6%
3-
pointers Attemped
Randy Foye
21.6%
Blocks
Bismach Biyombo
19%
Steals
Thabo Sefolosha
17.2%
Free Throws Made
Corey Maggette
17.2%
3-
pointers Attemped
John Lucas
11.2%
Minutes Played
Zaza Pachuila
0%
Quiz Playlist
Details
Report
Send in Message
Add To Playlist
Classic:
Type in answers that appear in a list
Last Updated: Feb 16, 2017
Quiz Scoreboard
CHALLENGE
Sign Up to Join the Scoreboard
Show All
Scores
Hide
Comments
May contain spoilers
Recently Published
9x9 Crossword: Cartoon Network
by jackfrog10
Miscellaneous
3m
College Basketball Coaching Resumes
by pancakes188
Sports
9m
Billboard Blitz: Fleetwood Mac
by CooCooCachoo
Music
15s
More to Explore
Quiz From the Vault
Featured Blog Post
Where Did the Easter Bunny Come From?
hide this ad
You Might Also Like...
Tags
Basketball Quiz
NBA Quiz
2011
Player
record
season
Today's Top Quizzes in Sports
Browse Sports
hide this ad
Today's Top Quizzes in NBA
Browse NBA
Top Contributed Quizzes in Sports
1
2022 World Cup Stars
2
Les meilleurs buteurs des matchs entre le PSG et l’OM
3
FIFA Club World Cup Champions
4
Les entraîneurs de l'OM et du PSG au 21e siècle
5
Criteria MLB: Left Handed Sluggers
6
AFC Teams Reveal (Wrong Answers Minefield)
7
2023 MLB Unique Player Accomplishments
8
5-to-1: FBS Animal Nicknames
9
Players with Multiple 50 Home Run Seasons
10
5-to-1: UK Sports Teams
Explore More
Trending Topics
Crossword
Kpop
Marvel
Harry Potter
Disney
NBA
Anime
Puzzle
Country
Song
WWE
Soccer
NFL
Pokémon
The Office
hide this ad
More By:
StoGas
Quiz
Plays
Rating
Category
Featured
Created
Top 50 Active NBA Players by Rebounds
3,840
3.45
Sports
Jun 29, 2011
TOP 50 Most Loyal NBA Players
1,853
2.05
Sports
Jun 29, 2011
Top NBA Assisters If Previous Ones Retired (2000s)
537
3.88
Sports
Jul 11, 2011
NBA 10/11 Top scorers (2011.02.04)
422
Sports
Nov 12, 2010
Euroleague Starting Fives
419
Sports
May 6, 2011
Go to Creator's Profile
Score Distribution
Quiz Creator Spotlight
StoGas
Follow
Send a Message
Quizzes Created
-
Created Quiz Play Count
-
More By This Creator
Popular Quizzes Today
1
Find the US States - No Outlines Minefield
2
Find the Countries of Europe - No Outlines Minefield
3
The Countries of the World
4
Find the US States
5
Risky Map Clicking: Biggest States A-Z
6
US States
7
Popular People in 1961
8
Movies - When Are They Set?
More Sports Quizzes
2022 March Madness States
Curator's Pick
Trending Quizzes
Risky Map Clicking: Least Populous States A-Z
1-10 Letter G Words
1-10 Letter F Words
Risky Map Clicking: Next State Alphabetically
Adjectives in 80s TV Shows
Recently Updated
Leaping Animals
pecheneg
Reality TV Shows (A-Z)
bhenderson79
Rickey Henderson's Hall of Fame Teammates
pecheneg
Champions League XIs: Arsenal
pecheneg
Quick Pick: Celebrities in WWE's Hall of Fame
aduchscher
A-Z Keypad Blitz II
pecheneg
Multiple Oscar Actors
pecheneg
Mystery Phrase Blitz: Oscar 'Best Actors'
pecheneg
F. Scott Fitzgerald Novels
LTH
Pick 3 Villains
ddd62291
Trending Topics
Crossword
Disney
NBA
Kpop
Marvel
Anime
Harry Potter
Song
Soccer
Pokémon
WWE
Puzzle
Country
NFL
The Office
Your Account Isn't Verified!
In order to create a playlist on Sporcle, you need to verify the email address you used during registration. Go to your
Sporcle Settings
to finish the process.
Report this User
Report this user for behavior that violates our
Community Guidelines
.
Details:
Send Report
Go to the Sporcle.com Mobile Site →
Comments